| 000 | 00771nas a2200241 4500 | ||
|---|---|---|---|
| 001 | BR8205225 | ||
| 003 | BR-BrBNA | ||
| 005 | 20231205085244.0 | ||
| 007 | ta | ||
| 008 | 230509b bl.|||p| |||| 00| 00por d | ||
| 040 |
_aBR-BrBNA _bpor _cBiblioteca Nacional de Agricultura |
||
| 041 | _a(Pt) | ||
| 072 | _aF00; F27 | ||
| 100 | 1 | _aWunsche, W.A. (Centro Nacional de Pesquisa de Trigo, Passo Fundo, RS (Brazil)) | |
| 245 | 1 | _aO preparo do solo para a soja [Rio Grande do Sul, Brasil] | |
| 650 | _aCULTIVO DO SOLO | ||
| 650 | _aPRATICA CULTURAL | ||
| 650 | _aSOJA | ||
| 650 | _aRIO GRANDE DO SUL | ||
| 773 | 0 |
_tLavoura Arrozeira (Brazil) _xISSN 0023-9143 _g(Mar 1982), v. 35(334) p. 46 _wBR8205225 |
|
| 909 |
_a202311 _bLúcia _c55 _dLúcia Elande |
||
| 942 |
_2AGRIS _n0 _cANA |
||
| 999 |
_c110280 _d110280 |
||